000 00450naa a2200157 a 4500
001 2604
003 CDMR
005 20130320111202.0
008 130130s ||||||||||||r|||||||||||||||d
040 _aCDMR
_bcat
_cCDMR
100 1 _91591
_aMarsà, Ángel
_d1900-1988
245 1 0 _aLluís Figuerola Anglade
600 1 4 _aFiguerola Anglada, Lluís
_91949
773 0 _tAnuario de la Asociación de la Prensa Diaria
_gAny II, 1924, p.119-135
942 _cCAP
_2udc
999 _c2604
_d2604